[Event "POL-chT3"]
[Site "Jastrzebia Gora POL"]
[Date "2015.??.??"]
[Round "3.73"]
[White "Banasik, Krzysztof"]
[Black "Pulik, Krzysztof"]
[Result "1-0"]
[WhiteElo "2220"]
[BlackElo "2137"]
[EventDate "2015.??.??"]
[WhiteTitle "k"]
[BlackTitle "k"]

1.a3 d5 2.e3 c5 3.Nf3 e6 4.d4 a6 5.Be2 Nf6 6.O-O Nc6 7.Nbd2 Be7 8.dxc5 
Bxc5 9.b4 Ba7 10.c4 O-O 11.Bb2 Qe7 12.Qb3 Rd8 13.Rfd1 h6 14.cxd5 exd5 15.
Bf1 Bg4 16.h3 Bh5 17.g4 Bg6 18.Bg2 Ne4 19.Nf1 Qe6 20.Nd4 Qd6 21.f4 Nf6 22.
Nxc6 bxc6 23.Be5 Qe6 24.Bc7 Rd7 25.f5 Qe8 26.Bf4 Bh7 27.Rac1 h5 28.Bf3 
hxg4 29.hxg4 Nxg4 30.Bxg4 Qe4 31.Rc5 Bxc5 32.bxc5 Bxf5 33.Ng3 Qc2 34.Qxc2 
Bxc2 35.Rd2 f5 36.Nxf5 Bxf5 37.Bxf5 Rb7 38.Rh2 Re8 39.Bh7+ Kf7 40.Rg2 Re6 
41.Bf5 Rf6 42.Bc2 Ke6 43.Ba4 Kf7 44.Bc2 Ke6 45.Bg5 Rf8 46.Bh4 Rh8 47.Be1 
d4 48.exd4 Kd5 49.Bf2 Rh3 50.Rg5+ Kc4 51.Be4 Rc7 52.Rg6 Rxa3 53.Bxc6 Ra1+ 
54.Kg2 Ra2 55.Bf3 Rxf2+ 56.Kxf2 Kxd4 57.c6 Kc5 58.Rg1 a5 59.Rc1+ Kb6 60.
Rb1+ Ka7 61.Rb5 Ka6 62.Rb7 Rc8 63.Be2# 1-0

[Event "POL-chT3"]
[Site "Jastrzebia Gora POL"]
[Date "2015.??.??"]
[Round "3.74"]
[White "Skomial, Mateusz"]
[Black "Tustanowski, Robert"]
[Result "0-1"]
[WhiteElo "2025"]
[BlackElo "2226"]
[EventDate "2015.??.??"]
[WhiteTitle "I++"]
[BlackTitle "m"]

1.e4 d6 2.d4 Nf6 3.Nc3 Nbd7 4.Nf3 e5 5.Bc4 Be7 6.O-O O-O 7.Re1 c6 8.a4 b6 
9.b3 Bb7 10.Bb2 a6 11.Bd3 Re8 12.Ne2 Bf8 13.Ng3 g6 14.Qd2 Qc7 15.Qg5 Bg7 
16.c4 c5 17.d5 Kh8 18.Qd2 a5 19.Ng5 Rf8 20.Rf1 Rae8 21.Rae1 Bc8 22.Bc2 Ng8
23.Nh3 Qd8 24.Kh1 Nh6 25.Ng5 Ng8 26.Nh3 f6 27.Qd1 Nh6 28.Bc1 Nf7 29.Ne2 
Bh6 30.Nc3 Bxc1 31.Qxc1 Kg7 32.Nb5 Rh8 33.Ng1 h5 34.f4 exf4 35.Qxf4 Nde5 
36.Nf3 g5 37.Qd2 h4 38.Nxe5 Nxe5 39.Bd1 Qe7 40.Qf2 Rh6 41.Qd2 Qd8 42.Na3 
Nf7 43.Nc2 Rhh8 44.Ne3 Nh6 45.Bc2 Re5 46.Qd1 Qe7 47.Rf2 Bd7 48.Ref1 Rf8 
49.h3 Be8 50.Rf5 Bg6 51.Rxe5 Qxe5 52.Qf3 Re8 53.Qf2 Qd4 54.Nf5+ Bxf5 55.
Qxd4 cxd4 56.exf5 Re2 57.Bd1 Rb2 58.Kg1 Nf7 59.Rf2 Rb1 60.Rd2 Nh6 61.Kf2 
Nxf5 62.Bg4 Ng3 63.Rxd4 Rb2+ 64.Kg1 f5 65.Bf3 Rxb3 66.Rd1 Rb4 67.Kf2 Rxa4 
68.Rb1 Rb4 69.Re1 Rxc4 70.Re6 g4 71.hxg4 fxg4 72.Bd1 a4 73.Ke3 b5 74.Kd3 
h3 0-1

[Event "POL-chT3"]
[Site "Jastrzebia Gora POL"]
[Date "2015.??.??"]
[Round "3.75"]
[White "Szczesniak, Konrad"]
[Black "Kopczyk, Daniel"]
[Result "1-0"]
[WhiteElo "2156"]
[BlackElo "2133"]
[EventDate "2015.??.??"]
[WhiteTitle "k"]
[BlackTitle "k"]

1.d4 Nf6 2.Nf3 g6 3.c4 Bg7 4.Nc3 O-O 5.e4 d6 6.Be2 e5 7.O-O Na6 8.d5 Nc5 
9.Qc2 a5 10.Ne1 Bd7 11.Be3 b6 12.Rc1 h5 13.Bg5 Qe8 14.f3 Nh7 15.Be3 f5 16.
Nb5 Bxb5 17.cxb5 fxe4 18.fxe4 Nf6 19.Nd3 Kh7 20.Nxc5 dxc5 21.a3 a4 22.Rf2 
Qe7 23.Rcf1 Ne8 24.Rxf8 Bxf8 25.Qc1 Nd6 26.Bg5 Qd7 27.Qc2 Bg7 28.Bf6 Bxf6 
29.Rxf6 Qe7 30.Rf3 Qh4 31.g3 Qe7 32.Kg2 Kg7 33.h4 Ra5 34.Rf2 Qe8 35.g4 
hxg4 36.Bxg4 Qe7 37.Kh3 Nxb5 38.Be6 Nd4 39.Qc3 Rb5 40.b4 axb3 41.Qb2 c4 
42.Kg4 Rc5 43.Qc3 Rc6 44.Rf7+ Qxf7 45.Bxf7 Rf6 46.d6 cxd6 47.Qxc4 Rxf7 48.
Qb4 Rf4+ 49.Kh3 Rxe4 50.Qxb6 Re3+ 51.Kg2 b2 52.Qxd6 Re2+ 53.Kh3 Nf5 54.
Qc7+ Kf6 55.Qb6+ Ke7 56.a4 Nd4 57.Kg4 Rg2+ 58.Kh3 Rc2 59.Kg4 Rg2+ 60.Kh3 
Rd2 61.Kg4 Rg2+ 62.Kh3 Rc2 63.Kg4 Rg2+ 64.Kh3 Rc2 65.Kg4 Rg2+ 66.Kh3 Re2 
67.Kg4 Rg2+ 68.Kh3 Re2 69.Qb7+ Kf6 70.Kg4 Rg2+ 71.Kh3 Rf2 72.Qa6+ Kf5 73.
Qd3+ e4 74.Qd1 Rf3+ 75.Kg2 Rd3 76.Qe1 Rb3 77.Qb1 Rc3 78.a5 Rc2+ 79.Kh3 Kf4
80.a6 Rc3+ 81.Kg2 e3 82.a7 e2 83.a8=Q Rc2 84.Qf8+ Ke3 85.Qf2+ Kd3 86.Qg3+ 
Ke4 1-0

[Event "POL-chT3"]
[Site "Jastrzebia Gora POL"]
[Date "2015.??.??"]
[Round "3.76"]
[White "Wozniak, Maciej"]
[Black "Siekaniec, Jan"]
[Result "1/2-1/2"]
[WhiteElo "2087"]
[BlackElo "2096"]
[EventDate "2015.??.??"]
[WhiteTitle "k"]
[BlackTitle "k"]

1.e4 c5 2.Nf3 e6 3.d4 cxd4 4.Nxd4 a6 5.Bd3 Qc7 6.O-O Nc6 7.Nxc6 Qxc6 8.c4 
d6 9.Nc3 Nf6 10.f4 Be7 11.Qe2 Nd7 12.Kh1 Bf6 13.Nd5 O-O 14.Nxf6+ Nxf6 15.
e5 Nd7 16.b4 d5 17.cxd5 Qxd5 18.Be4 Qd4 19.Rb1 Nb6 20.Qf3 Qc4 21.Be3 Nd5 
22.Bc5 Rd8 23.Rfc1 Qxa2 24.Ra1 Qb2 25.Rcb1 Qd2 26.Rd1 Qb2 27.Rdb1 Qd2 28.
Rd1 Qb2 29.Rdb1 Qd2 30.Rd1 Qb2 31.Rdb1 1/2-1/2

[Event "POL-chT3"]
[Site "Jastrzebia Gora POL"]
[Date "2015.??.??"]
[Round "3.77"]
[White "Tustanowski, Mateusz"]
[Black "Bielawski, Michal"]
[Result "0-1"]
[WhiteElo "1922"]
[BlackElo "2036"]
[EventDate "2015.??.??"]
[WhiteTitle "I"]
[BlackTitle "I+"]

1.e4 d6 2.d4 Nf6 3.Nc3 g6 4.f4 Bg7 5.Nf3 O-O 6.Bd3 Na6 7.e5 Nd7 8.O-O Nb4 
9.Bc4 Nb6 10.Bb3 d5 11.h3 a5 12.a3 Na6 13.Be3 c6 14.Qe2 Bd7 15.g4 f5 16.
exf6 exf6 17.Rae1 Qc7 18.Qg2 Rae8 19.Kh1 Nc4 20.Bxc4 dxc4 21.f5 b5 22.fxg6
hxg6 23.Nh4 Kh7 24.Ne4 Be6 25.Bg5 Bd5 26.Bxf6 Bxf6 27.Rxf6 Rxe4 28.Rxe4 
Rxf6 29.g5 Rf4 0-1

[Event "POL-chT3"]
[Site "Jastrzebia Gora POL"]
[Date "2015.??.??"]
[Round "3.78"]
[White "Jurkiewicz, Zuzanna"]
[Black "Kubicka, Anna"]
[Result "0-1"]
[WhiteElo "1507"]
[BlackElo "2171"]
[EventDate "2015.??.??"]
[WhiteTitle "I"]
[BlackTitle "m"]

1.e4 d6 2.d4 Nf6 3.Nc3 Nbd7 4.Nf3 e5 5.Bc4 Be7 6.O-O O-O 7.Re1 c6 8.a4 b6 
9.b3 a6 10.Bb2 Qc7 11.Bd3 Re8 12.Ne2 Bf8 13.Ng3 g6 14.Qd2 Bb7 15.h3 b5 16.
Bc3 exd4 17.Bxd4 Bg7 18.Bc3 Nc5 19.a5 Nxd3 20.cxd3 c5 21.Rac1 Qd8 22.b4 
Rc8 23.Qa2 Nd7 24.Bxg7 Kxg7 25.Qb3 cxb4 26.Qxb4 Ne5 27.Nxe5 dxe5 28.Rxc8 
Bxc8 29.Rd1 Be6 30.d4 exd4 31.Rxd4 Qc7 32.Rd6 Bc8 33.Qd4+ Kg8 34.Qf6 Bb7 
35.e5 h5 36.Kh2 Qc5 37.Rd8 Rxd8 38.Qxd8+ Kh7 39.Qf6 Qd5 40.f3 Qe6 41.Qf4 
Qe7 42.Nf1 b4 43.Nd2 Bd5 44.Qd4 Qb7 45.Qb2 Qb5 46.Nb3 Bxb3 47.Qxb3 Qxe5+ 
48.Kh1 Qe1+ 49.Kh2 Kg7 50.Qc4 Qe5+ 51.f4 Qxa5 52.Qd4+ Kh7 53.Qc4 Kg8 54.
Qc8+ Kg7 55.Qc4 Qb6 56.Qd3 b3 57.Qc3+ Kh7 58.Qc4 Qb7 59.f5 b2 0-1

[Event "POL-chT3"]
[Site "Jastrzebia Gora POL"]
[Date "2015.??.??"]
[Round "3.79"]
[White "Pazderski, Ziemowit"]
[Black "Gierulski, Kamil"]
[Result "1/2-1/2"]
[WhiteElo "2249"]
[BlackElo "2145"]
[EventDate "2015.??.??"]
[WhiteTitle "k+"]
[BlackTitle "k"]

1.d4 Nf6 2.Bg5 d5 3.e3 c6 4.Bxf6 exf6 5.c4 dxc4 6.Bxc4 Bd6 7.Nc3 f5 8.Nf3 
Nd7 9.Rc1 O-O 10.O-O Nf6 11.Qc2 Qe7 12.d5 cxd5 13.Bxd5 Be6 14.Bxe6 fxe6 
15.Nb5 a6 16.Nxd6 Qxd6 17.Qb3 Qd5 18.Qa3 Rfd8 19.h3 Rac8 20.Nd4 Qd7 21.Qb3
Nd5 22.Rfd1 Rxc1 23.Rxc1 Qf7 24.Qc4 h6 25.a3 Qf6 26.b4 Kh8 27.Nf3 Qg6 28.
b5 axb5 29.Qxb5 f4 30.e4 Qxe4 31.Qxb7 Nc3 32.Qxe4 Nxe4 33.Ne5 Ra8 34.Ng6+ 
Kh7 35.Nxf4 e5 36.Nd3 Rxa3 37.Nxe5 Ra2 38.f3 Ng3 39.Kh2 Nf5 40.f4 Rf2 
1/2-1/2

[Event "POL-chT3"]
[Site "Jastrzebia Gora POL"]
[Date "2015.??.??"]
[Round "3.80"]
[White "Chmiel, Marcin"]
[Black "Maciaga, Marcin"]
[Result "0-1"]
[WhiteElo "2086"]
[BlackElo "2101"]
[EventDate "2015.??.??"]
[WhiteTitle "I++"]
[BlackTitle "k+"]

1.d4 Nf6 2.Nc3 d5 3.Bg5 Bf5 4.f3 Nbd7 5.Nxd5 Nxd5 6.e4 h6 7.Bh4 N7f6 8.
exf5 Ne3 9.Qd3 Qxd4 10.Bf2 Qxd3 11.Bxd3 Nxg2+ 12.Kf1 Nf4 13.Bc4 g5 14.fxg6
Nxg6 15.Bd4 Bg7 16.Ne2 Nh5 17.Kf2 Bxd4+ 18.Nxd4 e6 19.c3 Nhf4 20.Ne2 Ke7 
21.Nxf4 Nxf4 22.Ke3 Ng6 23.f4 Rad8 24.h4 Kf6 25.Be2 Ne7 26.Bg4 Rhg8 27.
Rhg1 Nd5+ 28.Ke4 Ke7 29.Be2 Nf6+ 30.Ke3 Rxg1 31.Rxg1 c5 32.Bf3 b5 33.a4 
Ne8 34.Be4 Nd6 35.b3 c4 36.Rb1 cxb3 37.Rxb3 Nc4+ 38.Ke2 Nd2 39.Bc2 Nxb3 
40.Bxb3 Rc8 0-1

[Event "POL-chT3"]
[Site "Jastrzebia Gora POL"]
[Date "2015.??.??"]
[Round "3.81"]
[White "Szustakowski, Antoni"]
[Black "Miasik, Adrian"]
[Result "1-0"]
[WhiteElo "2030"]
[BlackElo "1754"]
[EventDate "2015.??.??"]
[WhiteTitle "I"]
[BlackTitle "I"]

1.Nf3 d5 2.d4 e6 3.c4 c5 4.cxd5 exd5 5.Nc3 Nc6 6.g3 Nf6 7.Bg2 c4 8.O-O Be7
9.Bg5 Be6 10.Ne5 h6 11.Bxf6 Bxf6 12.Nxc6 bxc6 13.e4 O-O 14.e5 Be7 15.f4 
Qd7 16.Na4 Rab8 17.b3 cxb3 18.axb3 Rb4 19.Rc1 Rfb8 20.Rc3 a6 21.Qd3 Qa7 
22.Rd1 Bg4 23.Rd2 Qb7 24.f5 Rxb3 25.h3 Rb1+ 26.Kf2 Qb4 27.hxg4 Qxa4 28.Qc2
Qb4 29.f6 Bd8 30.Qd3 Ba5 31.Rdc2 Rb2 32.Rxc6 Qe1+ 33.Kf3 Rxc2 34.Rxc2 g6 
35.Re2 Qc3 36.Qxc3 Bxc3 37.Ke3 Rb3 38.Bxd5 Ra3 39.Ra2 Rxa2 40.Bxa2 Be1 41.
d5 Bxg3 42.e6 fxe6 43.dxe6 Kf8 44.e7+ 1-0

[Event "POL-chT3"]
[Site "Jastrzebia Gora POL"]
[Date "2015.??.??"]
[Round "3.82"]
[White "Ziemniak, Piotr"]
[Black "Sliwicka, Alicja"]
[Result "0-1"]
[WhiteElo "1838"]
[BlackElo "2003"]
[EventDate "2015.??.??"]
[WhiteTitle "I"]
[BlackTitle "WFM"]

1.e4 c5 2.Nf3 d6 3.d4 Nf6 4.Nc3 cxd4 5.Nxd4 Bd7 6.Be2 e5 7.Nf3 Bc6 8.Bg5 
Nbd7 9.Nd2 Be7 10.Be3 Nb6 11.O-O d5 12.Bxb6 axb6 13.exd5 Nxd5 14.Nxd5 Qxd5
15.Bf3 Qe6 16.Re1 O-O 17.Nb3 Rfd8 18.Qe2 Bd6 19.a3 e4 20.Bg4 f5 21.Bh3 Qe5
22.g3 Rf8 23.f4 Qxb2 24.a4 Qc3 25.Red1 Be7 26.Bf1 Kh8 27.Rd4 Bc5 28.Rd1 
Rxa4 29.Nxc5 Rxd4 30.Ne6 Rxd1 0-1

[Event "POL-chT3"]
[Site "Jastrzebia Gora POL"]
[Date "2015.??.??"]
[Round "3.83"]
[White "Krasiewicz, Robert"]
[Black "Wasik, Roman"]
[Result "1-0"]
[WhiteElo "2027"]
[BlackElo "1531"]
[EventDate "2015.??.??"]
[WhiteTitle "k+"]
[BlackTitle "II+"]

1.c4 d6 2.g3 Nf6 3.Nc3 g6 4.Bg2 Bg7 5.e4 O-O 6.Nge2 Nc6 7.O-O e5 8.d3 a6 
9.Nd5 Nxd5 10.cxd5 Nd4 11.Nxd4 exd4 12.Bd2 c5 13.dxc6 bxc6 14.Rc1 Qb6 15.
e5 d5 16.Qa4 Bb7 17.Bb4 Rfe8 18.f4 Bf8 19.Bxf8 Rxf8 20.Qa3 Rad8 21.Rc5 
Rfe8 22.b4 Ra8 23.Rfc1 Re6 24.Bh3 Re7 25.R1c2 Qd8 26.Qb2 a5 27.bxa5 Rxa5 
28.Qxd4 Qb6 29.Bf1 Qa7 30.Qf2 Ra3 31.d4 Qa4 32.h3 Ba8 33.R5c3 Rxc3 34.Rxc3
Ra7 35.a3 Qd1 36.Qe3 Ra4 37.Rd3 Qa1 38.e6 Kf8 39.e7+ Ke8 40.Rb3 1-0

[Event "POL-chT3"]
[Site "Jastrzebia Gora POL"]
[Date "2015.??.??"]
[Round "3.84"]
[White "Wasik, Justyna"]
[Black "Andrejczuk, Beata"]
[Result "1-0"]
[WhiteElo "1369"]
[BlackElo "2136"]
[EventDate "2015.??.??"]
[WhiteTitle "I"]
[BlackTitle "WFM"]

1.Nf3 d6 2.d4 g6 3.c4 Bg7 4.Nc3 Nf6 5.e4 Nbd7 6.Be3 Ng4 7.Qd2 Nxe3 8.Qxe3 
c5 9.d5 Qb6 10.b3 Qb4 11.Rc1 a5 12.Nd2 Bd4 13.Qg3 Nf6 14.Be2 h5 15.O-O h4 
16.Qd3 Qb6 17.Nf3 Bxc3 18.Rxc3 h3 19.g3 Bd7 20.e5 Bf5 21.Qd1 Ne4 22.Re3 
dxe5 23.Nxe5 Qf6 24.f3 Nc3 25.Qd2 Nxe2+ 26.Qxe2 a4 27.Ng4 Qg5 28.Re1 O-O 
29.Rxe7 axb3 30.axb3 b5 31.Qe5 Ra6 32.d6 Qd2 33.Nf6+ Kg7 34.Ne4+ 1-0

[Event "POL-chT3"]
[Site "Jastrzebia Gora POL"]
[Date "2015.??.??"]
[Round "3.85"]
[White "Maj, Pawel"]
[Black "Kaczmarek, Aleksander"]
[Result "1/2-1/2"]
[WhiteElo "2078"]
[BlackElo "2294"]
[EventDate "2015.??.??"]
[WhiteTitle "k"]
[BlackTitle "FM"]

1.e4 c6 2.d4 d5 3.Nc3 dxe4 4.Nxe4 Nd7 5.Ng5 Ngf6 6.Bd3 e6 7.N1f3 Bd6 8.Qe2
h6 9.Ne4 Nxe4 10.Qxe4 Nf6 11.Qe2 b6 12.Bd2 Bb7 13.Ne5 Qc7 14.f4 O-O-O 15.
O-O c5 16.a4 cxd4 17.a5 Kb8 18.axb6 axb6 19.Ra4 Nd5 20.Rc4 Qe7 21.Nc6+ 
Bxc6 22.Rxc6 Rc8 23.Bb5 Bb4 24.Ra1 Rc7 25.Bxb4 Qxb4 26.c4 dxc3 27.bxc3 Qe7
28.Qa2 Ra7 29.Qxa7+ Qxa7 30.Rxa7 Kxa7 31.c4 Nxf4 32.Rc7+ Kb8 33.Rxf7 g5 
34.h4 Rd8 35.hxg5 hxg5 36.Rg7 Rf8 37.g3 Ne2+ 38.Kg2 Rf5 39.Ba6 Nd4 40.Rb7+
Kc8 41.Rxb6+ Kc7 42.Rb7+ Kc6 43.Rb8 Ra5 44.Bb5+ Nxb5 45.cxb5+ Rxb5 46.Rg8 
Kd6 47.Kf3 Ke7 48.Kg4 Kf6 49.Kh5 Rd5 50.Rg6+ Kf7 51.Rxg5 Kf6 52.Rxd5 exd5 
53.Kg4 1/2-1/2

[Event "POL-chT3"]
[Site "Jastrzebia Gora POL"]
[Date "2015.??.??"]
[Round "3.86"]
[White "Bakalarz, Leszek"]
[Black "Pajak, Jakub"]
[Result "0-1"]
[WhiteElo "2124"]
[BlackElo "1812"]
[EventDate "2015.??.??"]
[WhiteTitle "FM"]
[BlackTitle "I+"]

1.e4 c5 2.Nf3 Nc6 3.d4 cxd4 4.Nxd4 g6 5.c4 Bg7 6.Be3 Nf6 7.Nc3 d6 8.Be2 
O-O 9.O-O Bd7 10.Qd2 Nxd4 11.Bxd4 Bc6 12.f3 a5 13.Rac1 Nd7 14.Be3 Nc5 15.
b3 e6 16.Rfd1 Be5 17.Qe1 Qe7 18.Bd3 b6 19.Ne2 Bg7 20.Qf2 Rfe8 21.Nd4 Bd7 
22.Bb1 Reb8 23.Rd2 b5 24.Nxb5 Bxb5 25.cxb5 Rxb5 26.Rcd1 Bf8 27.Rxd6 Qxd6 
28.Rxd6 Bxd6 29.Qe2 Rab8 30.Bd2 Bf8 31.f4 Bg7 32.e5 Bf8 33.Bc2 Nd7 34.Be4 
Nc5 35.Bc2 Nd7 36.Kf2 a4 37.bxa4 Rb2 38.Qc4 Nb6 39.Qc3 Nd5 40.Qd3 Rxa2 41.
Ke1 Rbb2 42.Kd1 Nb4 43.Bxb4 Bxb4 44.Qd8+ Bf8 45.Qc8 Rxc2 46.Qxc2 Rxc2 47.
Kxc2 g5 48.a5 gxf4 49.Kd3 Bc5 50.Ke4 Kg7 51.Kxf4 Kg6 52.g4 h5 53.g5 h4 54.
h3 Kh5 55.a6 Ba7 0-1

[Event "POL-chT3"]
[Site "Jastrzebia Gora POL"]
[Date "2015.??.??"]
[Round "3.87"]
[White "Koziol, Pawel"]
[Black "Harazinska, Ewa"]
[Result "0-1"]
[WhiteElo "1927"]
[BlackElo "2055"]
[EventDate "2015.??.??"]
[WhiteTitle "I++"]
[BlackTitle "WFM"]

1.e4 c5 2.Nc3 g6 3.f4 Bg7 4.Nf3 e6 5.Bc4 Ne7 6.O-O O-O 7.d3 Nbc6 8.a3 a6 
9.Qe1 b5 10.Ba2 d5 11.f5 b4 12.Qh4 Nxf5 13.Qxd8 Rxd8 14.axb4 cxb4 15.Nxd5 
exd5 16.exf5 Bxf5 17.Bg5 Rd7 18.Nh4 Be6 19.Bf6 Nd4 20.Bxg7 Kxg7 21.c3 bxc3
22.bxc3 Ne2+ 23.Kh1 Nxc3 24.Rfc1 Ne2 25.Rc5 Nd4 26.Nf3 Nxf3 27.gxf3 Kf6 
28.d4 Rb8 29.Ra5 Rd6 30.Re1 Rb5 31.Ra3 a5 32.Bb3 Rb4 33.Rd1 Rc6 34.Ba2 a4 
35.Kg1 Rc2 36.Bb1 Rcc4 37.Rad3 Bf5 0-1

[Event "POL-chT3"]
[Site "Jastrzebia Gora POL"]
[Date "2015.??.??"]
[Round "3.88"]
[White "Jedras, Piotr"]
[Black "Milczarek, Robert"]
[Result "1-0"]
[WhiteElo "2030"]
[BlackElo "1763"]
[EventDate "2015.??.??"]
[WhiteTitle "I+"]
[BlackTitle "I"]

1.e4 c5 2.Nf3 d6 3.d4 cxd4 4.Nxd4 Nf6 5.Nc3 a6 6.f4 Qc7 7.Bd3 g6 8.Nf3 
Nbd7 9.O-O Bg7 10.Qe1 e5 11.Kh1 O-O 12.Qh4 b5 13.a3 Bb7 14.Ng5 Rac8 15.f5 
Qd8 16.fxg6 hxg6 17.Be3 Re8 18.Rf2 d5 19.exd5 Rxc3 20.bxc3 Bxd5 21.Raf1 
Qe7 22.Be2 Rc8 23.Bd2 Qd6 24.Bd3 Qc6 25.Qh3 e4 26.Rxf6 Bxf6 27.Rxf6 1-0

[Event "POL-chT3"]
[Site "Jastrzebia Gora POL"]
[Date "2015.??.??"]
[Round "3.89"]
[White "Herman, Monika"]
[Black "Koziej, Maciej"]
[Result "0-1"]
[WhiteElo "1735"]
[BlackElo "1985"]
[EventDate "2015.??.??"]
[WhiteTitle "I++"]
[BlackTitle "I++"]

1.d4 Nf6 2.Nf3 e6 3.Bf4 c5 4.e3 Nc6 5.c3 cxd4 6.exd4 Nd5 7.Bg3 Be7 8.Bd3 
f5 9.Ne5 Nxe5 10.Bxe5 O-O 11.h3 d6 12.Bh2 Bd7 13.Nd2 b5 14.Qe2 Qb6 15.g4 
Bf6 16.Rg1 Rfe8 17.g5 Be7 18.Qh5 g6 19.Qd1 Bf8 20.Qb3 a5 21.a3 Rac8 22.Ke2
a4 23.Qa2 Rxc3 24.Rac1 Rxc1 25.Rxc1 Qxd4 26.Nf3 Qb6 27.Kf1 Rc8 28.Re1 b4 
29.Qa1 bxa3 30.bxa3 Rc3 31.Rb1 Rb3 32.Rd1 Bg7 33.Qc1 Rc3 34.Qd2 Rxd3 0-1

[Event "POL-chT3"]
[Site "Jastrzebia Gora POL"]
[Date "2015.??.??"]
[Round "3.90"]
[White "Harazinska, Magdalena"]
[Black "Baranska, Monika"]
[Result "0-1"]
[WhiteElo "1819"]
[BlackElo "1686"]
[EventDate "2015.??.??"]
[WhiteTitle "I++"]
[BlackTitle "I++"]

1.d4 d5 2.c4 e6 3.Nc3 c6 4.cxd5 exd5 5.Qc2 Bd6 6.e3 Nf6 7.Bd3 Qc7 8.Nge2 
O-O 9.Ng3 h6 10.O-O Re8 11.Bd2 a6 12.Rad1 Nbd7 13.a3 b6 14.Nce2 c5 15.Bc3 
c4 16.Bf5 Nf8 17.Kh1 N8h7 18.Bb4 Bxb4 19.axb4 Qd6 20.Qd2 Ng5 21.Nf4 Nge4 
22.Bxe4 Nxe4 23.Nxe4 Rxe4 24.Rg1 Bf5 25.g4 Rxf4 26.gxf5 Rxf5 27.Rg2 Kh7 
28.Rdg1 g6 29.Rg3 Qf6 30.Kg2 Re8 31.f3 Qc6 32.Kf2 Ra8 33.Rh3 h5 34.Rhg3 a5
35.Rg5 Rxg5 36.Rxg5 Qd6 37.f4 axb4 38.Qc2 Kh6 39.Kf3 Ra2 40.Qb1 b3 41.h4 
f5 42.Rg2 Qe6 43.Qg1 Qe4+ 44.Kg3 b5 45.Kh3 Ra6 46.Qe1 Qe7 47.Rg5 b4 48.Rg3
Rc6 49.Qh1 Qe4 50.Qg1 c3 51.Rg5 Qe7 52.Rxh5+ Kxh5 53.Qd1+ Kh6 54.Qxb3 
Qxe3+ 55.Kg2 Qe2+ 56.Kh3 Re6 0-1

[Event "POL-chT3"]
[Site "Jastrzebia Gora POL"]
[Date "2015.??.??"]
[Round "3.91"]
[White "Steczek, Marcin"]
[Black "Niekras, Dawid"]
[Result "1/2-1/2"]
[WhiteElo "2353"]
[BlackElo "2097"]
[EventDate "2015.??.??"]
[WhiteTitle "FM"]
[BlackTitle "k"]

1.d4 Nf6 2.Nf3 g6 3.Bf4 Bg7 4.e3 O-O 5.Nbd2 d6 6.h3 c5 7.c3 Nc6 8.Be2 cxd4
9.exd4 e5 10.dxe5 dxe5 11.Nxe5 Nd5 12.Nxc6 bxc6 13.Bg3 Re8 14.O-O Bxc3 15.
Nc4 Bxb2 16.Nxb2 Nc3 17.Qxd8 Nxe2+ 18.Kh2 Rxd8 19.Bc7 Rd7 20.Be5 Rd5 21.f4
Ba6 22.Rfd1 Rad8 23.Rxd5 Rxd5 24.Rd1 Rxd1 25.Nxd1 Bc4 26.a3 f5 27.Nc3 Nxc3
28.Bxc3 Kf7 29.Kg3 Ke6 30.Kf3 Kd5 31.h4 Bf1 32.Bf6 Kc4 33.Kf2 Bd3 34.Ke3 
Bc2 35.g3 c5 36.Be7 Bb1 37.Bf8 Kb5 38.Be7 c4 39.Kd4 Bd3 40.Bf8 Bf1 41.Be7 
Kc6 42.Bb4 Kb5 43.Be7 a5 44.Bd8 Ka4 45.Kc3 Kxa3 46.Bxa5 Ka2 47.Bb4 Kb1 48.
Ba3 Bd3 49.Bb2 Bf1 1/2-1/2

[Event "POL-chT3"]
[Site "Jastrzebia Gora POL"]
[Date "2015.??.??"]
[Round "3.92"]
[White "Bajerlein, Dawid"]
[Black "Meczynski, Waldemar"]
[Result "1-0"]
[WhiteElo "2060"]
[BlackElo "2106"]
[EventDate "2015.??.??"]
[WhiteTitle "k"]
[BlackTitle "k"]

1.d4 Nf6 2.c4 e6 3.Nc3 Bb4 4.Qc2 c5 5.dxc5 Bxc5 6.Nf3 O-O 7.Bg5 h6 8.Bh4 
Be7 9.e4 d6 10.Be2 a6 11.O-O Qc7 12.Rad1 Nbd7 13.Nd4 Ne5 14.f4 Ng6 15.Bg3 
e5 16.fxe5 dxe5 17.Nf5 Bc5+ 18.Kh1 Bxf5 19.exf5 Nf4 20.Bf3 Rad8 21.Bxf4 
exf4 22.Nd5 Nxd5 23.Bxd5 Qe5 24.Rfe1 Be3 25.b3 b6 26.Qd3 Rfe8 27.Re2 f3 
28.gxf3 Qf4 29.Rde1 Qxf3+ 30.Bxf3 Rxd3 31.b4 Re5 32.Kg2 f6 33.Bd5+ Kf8 34.
Be6 g5 35.c5 bxc5 36.bxc5 Bxc5 37.Rxe5 fxe5 38.Rxe5 Rd2+ 39.Kf3 Bd6 40.Ra5
Ke7 41.Rxa6 Rxh2 42.Bb3 Rd2 43.f6+ Kxf6 44.Ke3 Rh2 45.Rxd6+ Ke5 46.Rd5+ 
Kf6 47.Bc4 Rh3+ 48.Kf2 Ra3 49.Rd6+ Kg7 50.Ra6 Rxa6 51.Bxa6 Kf6 52.Be2 Ke5 
53.Ke3 Kd5 54.Kd3 Kc5 55.Kc3 Kb6 56.Kb4 Ka7 57.Kb5 Kb7 58.Bf3+ Kc7 59.a4 
Kb8 60.Kb6 Kc8 61.a5 1-0

[Event "POL-chT3"]
[Site "Jastrzebia Gora POL"]
[Date "2015.??.??"]
[Round "3.93"]
[White "Swiatnicki, Andrzej"]
[Black "Bernat, Marcin"]
[Result "0-1"]
[WhiteElo "2109"]
[BlackElo "2105"]
[EventDate "2015.??.??"]
[WhiteTitle "k"]
[BlackTitle "k"]

1.e4 c5 2.Nf3 e6 3.c3 d5 4.exd5 exd5 5.d4 Nc6 6.Be3 c4 7.b3 cxb3 8.axb3 
Bd6 9.Bd3 Nge7 10.O-O O-O 11.Re1 Bf5 12.Bg5 f6 13.Bh4 Qd7 14.Bg3 Rac8 15.
Na3 a6 16.Nc2 Bxd3 17.Qxd3 Nf5 18.Bxd6 Nxd6 19.Ne3 Ne7 20.Ra5 Ndf5 21.Rc5 
Rcd8 22.Nxf5 Nxf5 23.c4 Ne7 24.Ra5 Rfe8 25.cxd5 Nxd5 26.Rxe8+ Qxe8 27.Qc4 
b5 28.Qc5 Qe6 29.Ra1 Rc8 30.Qa7 Qc6 31.h3 Ra8 32.Qc5 Qd7 33.Nd2 Rc8 34.Qa3
Rc6 35.b4 Nc3 36.Qb3+ Qd5 37.Re1 Qxb3 38.Nxb3 Nd5 39.Nc5 Nxb4 40.Re7 Nd5 
41.Ra7 b4 42.Kf1 Rb6 43.Nb3 Nf4 44.g3 Nxh3 45.f4 g5 46.f5 g4 47.Ke2 Rb5 
48.Rxa6 Rxf5 49.Rb6 Rf2+ 50.Ke1 Rf3 51.Rxb4 Rxg3 52.d5 Rd3 53.Rxg4+ Ng5 
54.Nd4 Rxd4 0-1

[Event "POL-chT3"]
[Site "Jastrzebia Gora POL"]
[Date "2015.??.??"]
[Round "3.94"]
[White "Hemmerling, Jaroslaw"]
[Black "Walaszczyk, Witold"]
[Result "0-1"]
[WhiteElo "1971"]
[BlackElo "2143"]
[EventDate "2015.??.??"]
[WhiteTitle "I+"]
[BlackTitle "k"]

1.e4 c5 2.Nf3 g6 3.d4 cxd4 4.Nxd4 Bg7 5.c4 Nc6 6.Be3 Qa5+ 7.Nc3 Nf6 8.Nb3 
Qc7 9.Be2 O-O 10.O-O d6 11.Rc1 b6 12.Nd4 Bb7 13.Nxc6 Bxc6 14.f3 Rfe8 15.
Qd2 Rad8 16.Rfd1 Qb7 17.Nd5 Qd7 18.Bd4 Nxd5 19.cxd5 Bb5 20.Bxg7 Bxe2 21.
Qxe2 Kxg7 22.Rc6 e6 23.Qc4 Rc8 24.Rc1 exd5 25.Qxd5 Rxc6 26.Rxc6 Rd8 27.b4 
Qe7 28.g3 Qf6 29.Kg2 Qb2+ 30.Kh3 Qxb4 31.Rc7 Rf8 32.Rxa7 Qe1 33.Qxd6 Qf1+ 
34.Kg4 h5+ 35.Kf4 Qc1+ 36.Ke5 Re8+ 37.Kd5 Rd8 38.Rd7 Rxd7 39.Qxd7 Qc5# 0-1

[Event "POL-chT3"]
[Site "Jastrzebia Gora POL"]
[Date "2015.??.??"]
[Round "3.95"]
[White "Smolenska, Olga"]
[Black "Rozumek, Krzysztof"]
[Result "1/2-1/2"]
[WhiteElo "1907"]
[BlackElo "1936"]
[EventDate "2015.??.??"]
[WhiteTitle "I"]
[BlackTitle "I++"]

1.e4 c6 2.d4 d5 3.f3 e6 4.Be3 Qb6 5.b3 Nf6 6.e5 Nfd7 7.f4 c5 8.Nf3 Nc6 9.
c3 cxd4 10.Nxd4 Nxd4 11.Bxd4 Bc5 12.Be2 Nb8 13.Bxc5 Qxc5 14.Qd4 Qxd4 15.
cxd4 Bd7 16.Nd2 Nc6 17.Nf3 Rc8 18.Rc1 Ke7 19.Kd2 Nb4 20.a3 Nc6 21.Rc3 a6 
22.Rhc1 Na5 23.Bd1 Rc6 24.Rxc6 Nxc6 25.Rc5 Rc8 26.Ke3 b6 27.Rc2 f6 28.g4 
a5 29.Ne1 Kd8 30.Be2 Ke7 31.Ba6 Rb8 32.Bd3 h6 33.Nf3 Rf8 34.h3 Rc8 35.Ba6 
Rb8 36.Bd3 Nd8 37.Rc7 Rb7 38.Rc3 Rb8 39.Rc7 Rc8 40.Rxc8 Bxc8 41.Bb5 Bd7 
42.Bxd7 Kxd7 43.f5 Nc6 44.exf6 gxf6 45.fxe6+ Kxe6 46.Nh4 Ne7 47.Ng2 f5 48.
Nf4+ Kd6 49.Nd3 Ke6 50.Ne5 Nc8 51.Kf4 Nd6 52.a4 fxg4 53.hxg4 Ne4 54.Ke3 
Ng5 55.Nd3 Kd6 56.b4 Ne4 57.bxa5 bxa5 58.Kf4 Nc3 59.Nc5 Ne2+ 60.Ke3 Nc3 
61.Nb7+ Ke6 62.Nxa5 Nxa4 63.Nb3 Kf6 64.Kf4 Nc3 65.Nc5 Nb5 66.Nd7+ Ke6 67.
Nc5+ Kd6 68.Nb3 Ke6 69.Nc5+ Kf6 70.Nd7+ Ke7 71.Nb6 Ke6 72.g5 hxg5+ 73.Kxg5
1/2-1/2

[Event "POL-chT3"]
[Site "Jastrzebia Gora POL"]
[Date "2015.??.??"]
[Round "3.96"]
[White "Debowiak, Arleta"]
[Black "Bukowska, Katarzyna"]
[Result "0-1"]
[WhiteElo "1854"]
[BlackElo "1923"]
[EventDate "2015.??.??"]
[WhiteTitle "k"]
[BlackTitle "k++"]

1.e4 e5 2.Nf3 Nc6 3.d4 exd4 4.Nxd4 Bb4+ 5.c3 Bc5 6.Be3 Bb6 7.Bc4 Nf6 8.
Nxc6 bxc6 9.Bxb6 axb6 10.e5 d5 11.exf6 dxc4 12.Qxd8+ Kxd8 13.O-O gxf6 14.
Rd1+ Ke7 15.Nd2 Be6 16.Re1 b5 17.Ne4 Rhd8 18.f4 f5 19.Ng3 Kf6 20.Re2 Rd3 
21.Kf2 c5 22.Nf1 b4 23.cxb4 cxb4 24.Nd2 c3 25.bxc3 Rxc3 26.Nf3 c5 27.Ke1 
Raa3 28.Ne5 b3 29.Rb2 bxa2 30.Kd2 Re3 31.Raxa2 Bxa2 32.Rxa2 Rxa2+ 33.Kxe3 
Rxg2 34.Nd7+ Ke7 35.Nxc5 Rxh2 36.Nd3 Rh3+ 37.Ke2 Rxd3 0-1

[Event "POL-chT3"]
[Site "Jastrzebia Gora POL"]
[Date "2015.??.??"]
[Round "3.97"]
[White "Myc, Marcin"]
[Black "Snihur, Piotr"]
[Result "1-0"]
[WhiteElo "2315"]
[BlackElo "2246"]
[EventDate "2015.??.??"]
[WhiteTitle "m"]
[BlackTitle "k"]

1.Nf3 Nf6 2.c4 e6 3.g3 d5 4.Bg2 Be7 5.b3 O-O 6.Bb2 c5 7.e3 Nc6 8.O-O a6 9.
Qe2 Rb8 10.cxd5 Nxd5 11.d4 cxd4 12.Nxd4 Bd7 13.Rd1 Qa5 14.Nf5 exf5 15.Rxd5
Qc7 16.Nc3 Rfd8 17.Rdd1 Bf8 18.Nd5 Qa5 19.Bc3 Qa3 20.Bb2 Qc5 21.Bc3 Qa3 
22.Rd2 Be6 23.Rad1 Qc5 24.Bb2 Qa5 25.Qh5 Kh8 26.Qh4 Bxd5 27.Bxd5 Rxd5 28.
Rxd5 Qxa2 29.Ba1 Qxb3 30.Qh5 Ne7 31.Rd8 Rxd8 32.Rxd8 Kg8 33.Qg5 Qb1+ 34.
Kg2 Ng6 35.Rxf8+ 1-0